| 000 | 00709nam a22002177a 4500 | ||
|---|---|---|---|
| 999 |
_c10715 _d10715 |
||
| 003 | AR-CdUCM | ||
| 008 | 190401b ||||| |||| 00| 0 spa d | ||
| 040 |
_aMUNICIPALIDAD PROVINCIAL DEL CUSCO _cBIBLIOTECA MUNICIPAL DEL CUSCO |
||
| 082 |
_aES / 800 / _bG15 _24ed. |
||
| 100 |
_aGalopin-H.de la Vaux, A. _927713 |
||
| 245 | _aEl Triunfo de los Dos Pilletes / | ||
| 260 |
_aBarcelona : _bMateu ; _c1960. |
||
| 300 |
_a271 páginas ; _c20cm _bIlustraciones |
||
| 440 |
_aColección Juvenil Cadete _914092 |
||
| 505 | _aContenido: Novela | ||
| 650 |
_aNovela _9572 |
||
| 650 |
_aLiteratura juvenil _91580 |
||
| 700 |
_aRossell Pesant, Manuel (traducción) _927665 |
||
| 942 |
_2ddc _cLIBROS |
||
| 945 | _anom | ||